F1 - Tous les pilotes vainqueurs avec Brabham - Statistiques

Statistiques générales
  • Ce quiz a été pris 23 fois
  • Le résultat moyen est 6 sur 9
Statistiques - réponses
Années chez Brabham Nationalités Victoires Pilotes % Correct
1978-1985 Brésil 13 Nelson Piquet
95%
1962-1970 Australie 7 Jack Brabham
85%
1969 Belgique 2 Jacky Ickx
85%
1972-1976 Argentine 4 Carlos Reutemann
80%
1965-1967 Nouvelle-Zélande 2 Denny Hulme
75%
1978-1979 Autriche 2 Niki Lauda
75%
1982-1983 ; 1986-1987 Italie 2 Riccardo Patrese
55%
1974-1977 Brésil 1 Carlos Pace
50%
1963-1965 ; 1968 Etats-Unis 2 Dan Gurney
30%
Aucun quiz correspondant
Distribution des résultats
% des personnes avec chaque résultat
Percentile par nombre de réponses
Votre historique - résultats
Vous n’avez pas pris ce quiz